EurASEAA14 : papers from the fourteenth International Conference of the European Association of Southeast Asian Archaeologists. Volume II, Material culture and heritage /

This volume comprises papers originally presented at the EurASEAA14 conference in 2012, updated for publication. It focuses on topics under the broad themes of archaeology and art history, epigraphy, philology, historic archaeology, ethnography, ethnoarchaeology, ethnomusicology, materials studies,...

وصف كامل

محفوظ في:

مؤلف مشترك: European Association of Southeast Asian Archaeologists. International Conference (المبتكر)

مؤلفون آخرون: Lewis, Helen (Archaeologist) (المحرر)

التنسيق: كتاب الكتروني

اللغة: English

منشور في: Oxford : Archaeopress Access Archaeology, 2020.

سلاسل: Access archaeology.

الموضوعات:

الوصول للمادة أونلاين: Login to view Source

الوسوم: إضافة وسم

لا توجد وسوم, كن أول من يضع وسما على هذه التسجيلة!

رقم الطلب: DS523

LEADER 02361nam a2200457 i 4500
001 EDZ0002342197
003 StDuBDS
005 20230412182806.0
006 m|||||o||d||||||||
007 cr |||||||||||
008 200623s2020 enkab fob 100|0|eng|d
020 |a 9781789695946 (ebook) :  |c No price 
040 |a StDuBDS  |b eng  |c StDuBDS  |e rda  |e pn 
050 4 |a DS523 
082 0 4 |a 959.01  |2 23 
110 2 |a European Association of Southeast Asian Archaeologists.  |b International Conference  |n (14th :  |d 2012),  |e creator. 
245 1 0 |a EurASEAA14 :  |b papers from the fourteenth International Conference of the European Association of Southeast Asian Archaeologists.  |n Volume II,  |p Material culture and heritage /  |c edited by Helen Lewis. 
246 3 0 |a Material culture and heritage 
264 1 |a Oxford :  |b Archaeopress Access Archaeology,  |c 2020. 
300 |a 1 online resource (238 pages) :  |b illustrations (black and white, and colour), maps (black and white, and colour). 
336 |a text  |2 rdacontent 
336 |a still image  |2 rdacontent 
337 |a computer  |2 rdamedia 
338 |a online resource  |2 rdacarrier 
490 1 |a Access archaeology 
500 |a Conference proceedings. 
500 |a "Available in both print and Open Access"--Homepage. 
500 |a Also issued in print: 2020. 
504 |a Includes bibliographical references. 
520 8 |a This volume comprises papers originally presented at the EurASEAA14 conference in 2012, updated for publication. It focuses on topics under the broad themes of archaeology and art history, epigraphy, philology, historic archaeology, ethnography, ethnoarchaeology, ethnomusicology, materials studies, and long-distance trade and exchange. 
521 |a Specialized. 
588 |a Description based on online resource; title from PDF title page (viewed on September 28, 2020). 
651 0 |a Southeast Asia  |x Antiquities  |v Congresses. 
650 0 |a Excavations (Archaeology)  |z Southeast Asia  |v Congresses. 
700 1 |a Lewis, Helen  |c (Archaeologist),  |e editor. 
776 0 8 |i Print version :  |z 9781789695939 
830 0 |a Access archaeology. 
856 4 0 |3 Archaeopress  |u http://library.arce.org:8087/Archaeopress/Products/9781789695939 
942 |2 lcc  |c EBOOK 
952 |0 0  |1 0  |4 0  |6 DS0523  |7 1  |9 46687  |a ARCH  |b ARCH  |d 2023-04-12  |l 0  |o DS523  |r 2023-04-12 00:00:00  |w 2023-04-12  |y EBOOK 
999 |c 52345  |d 52345